| 000 | 00893cam a2200241 a 4500 | ||
|---|---|---|---|
| 001 | 000008456 | ||
| 005 | 20200929161338.0 | ||
| 008 | 810828s1980 ck 000 f spa d | ||
| 040 |
_aDO-SdBNP _cDLC _dDLC |
||
| 082 |
_aA863.4 _bC827q |
||
| 100 | 1 |
_aCortázar, Julio, _d1914-1984 _910688 |
|
| 245 | 1 | 0 |
_aQueremos tanto a Glenda / _cJulio Cortázar. |
| 260 |
_aBogotá, Colombia : _bLa Oveja Negra; _aMéxico, D. F. : _bNueva Imagen, _c1980. |
||
| 300 |
_a139 p. ; _c20 cm. |
||
| 505 | 0 | _aI. Orientación de los gatos. -- Queremos tanto a Glenda. -- Historia con migalas. | |
| 505 | 0 | _aII. Texto en una libreta. -- Recortes de prensa. -- Tango de vuelta. | |
| 505 | 0 | _aIII. Clone -- Grafitti -- Historias que me cuento -- Anillo de Moebius. | |
| 650 | 4 |
_aNovela argentina _93941 |
|
| 650 | 4 |
_aLiteratura argentina _93860 |
|
| 910 | _aCatalogación derivada | ||
| 910 | _aWM | ||
| 049 | _aBNGR | ||
| 999 |
_c8227 _d8227 |
||